Statistics for Actors of James Bond Films

Click here to take the quiz!

General Stats

  • This quiz has been taken 2,510 times
    (2,425 since last reset)
  • The average score is 6 of 8

Answer Stats

HintAnswer% Correct
Dr. No, From Russia with Love, Goldfinger, Thunderball, You Only Live Twice, Diamonds Are Forever, Never Say Never Again (non-Eon)Sean Connery
98%
Casino Royale, Quantum of Solace, Skyfall, Spectre, No Time to DieDaniel Craig
96%
Live and Let Die, The Man with the Golden Gun, The Spy who Loved me, Moonraker, For your Eyes Only, Octopussy, A View to KillRoger Moore
93%
GoldenEye, Tomorrow Never Dies, The World is not Enough, Die another DayPierce Brosnan
91%
The Living Daylights, License to KillTimothy Dalton
86%
On Her Majesty's Secret ServiceGeorge Lazenby
76%
Casino Royale (non-Eon and spoof)David Niven
37%
Casino Royale (non-eon)Barry Nelson
11%

Score Distribution

Percentile by Number Answered

Percent of People with Each Score

Your Score History

You have not taken this quiz since the last reset